Reforming Indian debt markets (Record no. 51209)

000 -LEADER
fixed length control field 01236pab a2200169 454500
008 - FIXED-LENGTH DATA ELEMENTS--GENERAL INFORMATION
fixed length control field 180718b2002 xxu||||| |||| 00| 0 eng d
100 ## - MAIN ENTRY--PERSONAL NAME
Personal name Patil, R.H.
245 ## - TITLE STATEMENT
Title Reforming Indian debt markets
260 ## - PUBLICATION, DISTRIBUTION, ETC.
Date of publication, distribution, etc. 2002
300 ## - PHYSICAL DESCRIPTION
Extent p.409-20
362 ## - DATES OF PUBLICATION AND/OR SEQUENTIAL DESIGNATION
Dates of publication and/or sequential designation 2 Feb
520 ## - SUMMARY, ETC.
Summary, etc. While equity markets in India have got radically transformed since the 1991-92 securities scam, the government securities markets have not changed very much except that the Reserve Bank of India has significantly improved the settlement process. Recognising the need for introducing transparency and to reform the secondary markets in government securities and money market instruments, the RBI will soon operationalise the Negotiated Dealing System (NDS). Simultaneously, the Clearing Corporation of India (CCIL), promoted by major banks, financial institutions and primary dealers, will be a key market infrastructure to significantly improve market efficiency and integrity. Together wilh the NDS, the CCIL will introduce major reforms in the way the government securities and money markets function today. - Reproduced.
650 ## - SUBJECT ADDED ENTRY--TOPICAL TERM
Topical term or geographic name entry element Financial markets - India
650 ## - SUBJECT ADDED ENTRY--TOPICAL TERM
Topical term or geographic name entry element Financial markets
773 ## - HOST ITEM ENTRY
Main entry heading Economic and Political Weekly
909 ## -
-- 51209
Holdings
Withdrawn status Lost status Damaged status Not for loan Permanent Location Current Location Date acquired Serial Enumeration / chronology Barcode Date last seen Price effective from Koha item type
        Indian Institute of Public Administration Indian Institute of Public Administration 2018-07-19 Volume no: 37, Issue no: 5 AR51637 2018-07-19 2018-07-19 Articles

Powered by Koha